| 000 | 00678nam a2200217 i 4500 | ||
|---|---|---|---|
| 001 | 84547 | ||
| 003 | ES-MaACL | ||
| 005 | 20250823004922.0 | ||
| 007 | t| | ||
| 008 | 041123s1946 sp f |||| | spa d | ||
| 100 | 1 |
_aJeans, James. _9170765 |
|
| 245 | 1 | 0 |
_aCiencia y música / _cJames Jeans ; [traducción del inglés por Pedro Reverté]. |
| 250 | _a1ª ed. | ||
| 260 |
_a[Barcelona] : _bAgora, _c1946 ( _fCasa Provincial de Caridad) |
||
| 300 |
_aVIII, 268 p., 11 lám. ; _c20 cm. |
||
| 650 | 7 |
_aMúsica _2embne _915376 |
|
| 650 | 0 | 7 |
_aAcústica musical _2embne _99606 |
| 700 | 1 |
_aReverté, Pedro. _996415 |
|
| 852 |
_aES-MaACL _jB-12816 |
||
| 999 |
_c84547 _d84547 |
||